MARC

LEADER 00000nam0a2200000 4500
001 283406
005 20231101235607.0
035 |a (RuTPU)RU\TPU\book\307473 
090 |a 283406 
100 |a 20150206d1984 km y0rusy50 ca 
101 1 |a rus 
102 |a RU 
105 |a y z 001zy 
200 1 |a Региональные проблемы и территориальное планирование в социалистических странах  |e сборник переводных статей  |h Вып. 4  |f под ред. Л. А. Авдеичева 
210 |a Москва  |c Прогресс  |d 1984 
215 |a 318 с. 
320 |a Библиография в конце статей 
606 1 |a Региональная экономика  |2 stltpush  |3 (RuTPU)RU\TPU\subj\38035 
606 1 |a Планирование народного хозяйства  |x Социалистические страны  |2 stltpush  |3 (RuTPU)RU\TPU\subj\49017  |9 67829 
610 1 |a территориальное планирование 
610 1 |a территориально-производственные комплексы 
610 1 |a Болгария 
610 1 |a Венгрия 
610 1 |a районирование 
610 1 |a Вьетнам 
610 1 |a ГДР 
610 1 |a производительные силы 
610 1 |a размещение 
610 1 |a промышленность 
610 1 |a Куба 
610 1 |a Польша 
610 1 |a экономическое районирование 
610 1 |a Румыния 
610 1 |a Чехословакия 
610 1 |a перспективные балансы 
610 1 |a трудовые ресурсы 
686 |a У04(0,6)  |v LBC/SL-A  |2 rubbk 
686 |a У623  |v LBC/SL-A  |2 rubbk 
702 1 |a Авдеичев  |b Л. А.  |4 340 
801 1 |a RU  |b 63413507  |c 20150206 
801 2 |a RU  |b 63413507  |c 20170920  |g RCR 
942 |c BK